000 00996nam a22002657a 4500
999 _c65815
_d65815
005 20240530110844.0
008 200912s2018 ua a f b 000 0dara d
017 _a2017/21229
_bمصر. دار الكتب
020 _a9789773444105
040 _aEG-CaGPL
_cEG-CaGPL
082 0 4 _221
_a962.16
_bق/م أ
100 0 _aمحمد الششتاوى
245 1 0 _aابواب القاهرة الثلاثة :
_bالنصر ، الفتوح ، زويلة
_cمحمد الششتاوى
250 _aط.1
260 _aالقاهرة :
_bدار الافاق العربية،
_c2018
300 _a135 ص. ؛
_c24 سم.
504 _aيشتمل على ارجاعات ببليوجرافية
650 0 7 _aباب النصر
_2qrmak
650 0 7 _aباب زويلة
650 0 7 _aباب الفتوح
651 0 7 _aالقاهرة
_xتاريخ
_yعصر المماليك
_2qrmak
651 0 7 _aالقاهرة
_xوصف ورحلات
942 _2ddc
_cBK